LEADER 04685nam 22006254a 450 001 9910456151903321 005 20200520144314.0 010 $a0-313-00289-4 035 $a(CKB)111056486884312 035 $a(EBL)3000732 035 $a(OCoLC)55143538 035 $a(SSID)ssj0000196125 035 $a(PQKBManifestationID)11180774 035 $a(PQKBTitleCode)TC0000196125 035 $a(PQKBWorkID)10143331 035 $a(PQKB)11021896 035 $a(MiAaPQ)EBC3000732 035 $a(Au-PeEL)EBL3000732 035 $a(CaPaEBR)ebr10020852 035 $a(EXLCZ)99111056486884312 100 $a20000628d2001 uy 0 101 0 $aeng 135 $aur|n|---||||| 181 $ctxt 182 $cc 183 $acr 200 00$aMaking space$b[electronic resource] $emerging theory and practice in adult education /$fedited by Vanessa Sheared and Peggy A. Sissel ; foreword by Phyllis M. Cunningham 210 $aWestport, CT $cBergin & Garvey$d2001 215 $a1 online resource (375 p.) 300 $aDescription based upon print version of record. 311 $a0-89789-600-9 320 $aIncludes bibliographical references and index. 327 $aContents; Foreword; Acknowledgments; Part I Deconstructing Exclusion and Inclusion in Adult Education; Chapter 1 Opening the Gates: Reflections on Power, Hegemony, Language, and the Status Quo Peggy A. Sissel and Vanessa Sheared; Chapter 2 Incorporating Postmodernist Perspectives into Adult Education David F. Hemphill; Chapter 3 Challenging Adult Learning: A Feminist Perspective Daniele D. Flannery and Elisabeth Hayes; Chapter 4 Talking about Whiteness: ""Adult Learning Principles"" and the Invisible Norm Sue Shore 327 $aChapter 5 An Invisible Presence, Silenced Voices: African Americans in the Adult Education Professoriate Sherwood E. Smith and Scipio A. J. Colin IIIPart II History Revisited and Claimed; Chapter 6 The African- American Market Woman: Her Past, Our Future Cheryl A. Smith; Chapter 7 Creating an Intellectual Basis for Friendship: Practice and Politics in a White Women's Study Group Jane M. Hugo; Chapter 8 Northern Philanthropy's Ideological Influence on African- American Adult Education in the Rural South Bernadine S. Chapman 327 $aChapter 9 Struggling to Learn, Learning to Struggle: Workers, Workplace Learning, and the Emergence of Human Resource Development Fred M. SchiedChapter 10 The Role of Adult Education in Workplace Ageism Su- fen Liu and Frances Rees; Part III Classrooms and Communities: Contexts, Questions, and Critiques; Chapter 11 Communities in the Classroom: Critical Reflections on Adult Education in an Appalachian Community Mary Beth Bingman and Connie White with Amelia R. B. Kirby; Chapter 12 Education, Incarceration, and the Marginalization of Women Irene C. Baird 327 $aChapter 13 Adult Basic Education: Equipped for the Future or for Failure? Donna AmstutzChapter 14 Teaching as Political Practice Ruth Bounous; Part IV Cultural Infusion: Reflections on Identity and Practice; Chapter 15 African- American Women of Inspiration Angela Humphrey Brown; Chapter 16 Through the Eyes of a Latina: Professional Women in Adult Education Rosita Lopez Marcano; Chapter 17 By My Own Eyes: A Story of Learning and Culture Lynette Harper and ""Mira""; Chapter 18 Using Queer Cultural Studies to Transgress Adult Educational Space Andre P. Grace 327 $aChapter 19 Feminist Perspectives on Adult Education: Constantly Shifting Identities in Constantly Changing Times Elizabeth J. TisdellPart V Reconstructing the Field: Our Personal and Collective Identities; Chapter 20 Between a Rock and a Hard Place: Confronting Who ""We"" Are Merilyn Childs; Chapter 21 Technologies of Learning at Work: Disciplining the Self John Garrick and Nicky Solomon; Chapter 22 The Political Economy of Adult Education: Implications for Practice Jorge Jeria 327 $aChapter 23 What Does Research, Resistance, and Inclusion Mean for Adult Education Practice? A Reflective Response Vanessa Sheared and Peggy A. Sissel 606 $aAdult education$xSocial aspects$zUnited States 606 $aDiscrimination in education$zUnited States 606 $aCritical pedagogy$zUnited States 608 $aElectronic books. 615 0$aAdult education$xSocial aspects 615 0$aDiscrimination in education 615 0$aCritical pedagogy 676 $a374/.973 701 $aSheared$b Vanessa$f1956-$0924814 701 $aSissel$b Peggy A$0924815 801 0$bMiAaPQ 801 1$bMiAaPQ 801 2$bMiAaPQ 906 $aBOOK 912 $a9910456151903321 996 $aMaking space$92075784 997 $aUNINA LEADER 00977nam a2200277 i 4500 001 991000105619707536 005 200410201429UC06035 UCBBS 008 090304s1990 fr 001 0 fre 020 $a9782213024875 035 $ab13815015-39ule_inst 040 $aFacoltà SSPT$bita 082 0 $a306.42 100 1 $aBoudon, Raymond,$d1934-$045188 245 12$aL'art de se persuader :$bdes idées fausses, fragiles ou douteuses /$cRaymond Boudon 260 $a[Paris] :$bFayard,$cc1990 300 $a458 p. ;$c24 cm 490 0 $aL'espace du politique 600 14$aSimmel, Georg,$d1858-1918 650 04$aArgomentazione$xTeorie 650 04$aPersuasione 907 $a.b13815015$b02-04-14$c04-03-09 912 $a991000105619707536 945 $aLE021 306.42 BOU01.01$g1$i2020000011569$lle021$op$pE33.06$q-$rn$s- $t0$u0$v0$w0$x0$y.i14963395$z05-05-09 996 $aArt de se persuader$91225734 997 $aUNISALENTO 998 $ale020$b04-03-09$cm$da $e-$ffre$gfr $h2$i0 LEADER 02646nam 2200673 450 001 9910824121303321 005 20200923020339.0 010 $a3-11-047858-7 010 $a3-11-047903-6 024 7 $a10.1515/9783110479034 035 $a(CKB)4100000002580335 035 $a(DE-B1597)466573 035 $a(OCoLC)1028581834 035 $a(DE-B1597)9783110479034 035 $a(Au-PeEL)EBL5157919 035 $a(CaPaEBR)ebr11518143 035 $a(OCoLC)1027171643 035 $a(MiAaPQ)EBC5157919 035 $a(PPN)225578115 035 $a(EXLCZ)994100000002580335 100 $a20180315h20182018 uy 0 101 0 $ager 135 $aurcnu|||||||| 181 $2rdacontent 182 $2rdamedia 183 $2rdacarrier 200 10$aKritischer Kommentar zu Lukrezens De rerum natura /$fvon Marcus Deufert 210 1$aBerlin, [Germany] ;$aBoston, [Massachusetts] :$cDe Gruyter,$d2018. 210 4$d©2018 215 $a1 online resource (516 pages) 225 1 $aTexte und Kommentare : Eine altertumswissenschaftlische Reihe,$x0563-3087 ;$vBand 56 311 $a3-11-041471-6 320 $aIncludes bibliographical references and index. 327 $tFrontmatter -- $tVorwort / $rDeufert, Marcus -- $tInhalt -- $tConspectus siglorum -- $tBuch I -- $tBuch II -- $tBuch III -- $tBuch IV -- $tBuch V -- $tBuch VI -- $tLiteraturverzeichnis -- $tRegister -- $tCorrigenda zu den ,Prolegomena' (UaLG 124) 330 $aThe critical commentary justifies the text of the new edition of Lucretius' De rerum natura in the Bibliotheca Teubneriana. It discusses many passages which are difficult or corrupt, examines competing conjectures and offers new solutions. Beyond textual criticism the commentary illuminates philosophical, literary and stylistic aspects of the poem. 410 0$aTexte und Kommentare ;$vBand 56. 606 $aCriticism of Lucretius 606 $aLukrezkritik 606 $aLukrezphilologie 606 $aTextkritik 606 $atextual criticism 606 $aLITERARY CRITICISM / Ancient & Classical$2bisacsh 610 $aCriticism of Lucretius. 610 $atextual criticism. 615 0$aCriticism of Lucretius. 615 0$aLukrezkritik. 615 0$aLukrezphilologie. 615 0$aTextkritik. 615 0$atextual criticism. 615 7$aLITERARY CRITICISM / Ancient & Classical. 676 $a187 700 $aDeufert$b Marcus$0204838 801 0$bMiAaPQ 801 1$bMiAaPQ 801 2$bMiAaPQ 906 $aBOOK 912 $a9910824121303321 996 $aKritischer kommentar zu Lukrezens De rerum natura$91534368 997 $aUNINA